00000000nam##2200000za#4500
0019.611073
003CaOODSP
00520230131161134
007ta
008150406|1994||||xxc|||||     f|0| 0 eng|d
020 |a0-660-15500-1
022 |a0068-7626
040 |aCaOODSP|beng
043 |an-cn---
0861 |aM42-462E
1102 |aGeological Survey of Canada.
24514|aThe Ilgachuz Range and adjacent parts of the interior plateau, British Columbia / |cby J. G. Souther and M. E. K. Souther.
260 |aOttawa - Ontario : |bNatural Resources Canada. |c1994.
300 |a75p. : |bfigs., graphs, maps, references ; |c28 cm. + |e1 folded map. in case, 30cm.
4901 |aBulletin|x0068-7626|v462
546 |aRésumés en français
563 |aSoftcover
590 |a94-40|b1994-10-07
69007|aGeology|2gcpds
7201 |aSouther, J. G.
7201 |aSouther, M. E. K.
830#0|aBulletin,|x0068-7626|v462|w(CaOODSP)9.514768